Statistics for Mediterranean Countries With a Map

Click here to take the quiz!

General Stats

  • This quiz has been taken 93 times
  • The average score is 21 of 21

Answers on the Map

Answers color-coded by a green-red scale on the quiz's map according to % correct below.
 

Answer Stats

Country% Correct
Cyprus
100%
Italy
100%
Spain
100%
Turkey
100%
Algeria
99%
Croatia
99%
Egypt
99%
France
99%
Greece
99%
Israel
99%
Libya
99%
Malta
99%
Morocco
99%
Tunisia
99%
Albania
98%
Bosnia
98%
Lebanon
98%
Monaco
98%
Montenegro
97%
Syria
94%
Slovenia
93%

Score Distribution

Percentile by Number Answered

Percent of People with Each Score

Your Score History

You have not taken this quiz